000 00519nam a2200205Ia 4500
999 _c14816
_d14816
003 0100
005 20171124103635.0
008 130303s9999 xx 000 0 und d
020 _a297003453
040 _cARRUPELIB
050 _aDG272.Y20
100 _aYadin, Yigael
_937732
245 _aBar-Kokhba
245 _bthe rediscovery of the legendary hero of the last Jewish Revolt against Imperial
260 _aJerusalem
260 _bWeidenfeld and Nicholson
300 _a271p.
300 _b 24cm.
700 _aYigael Yadin
_937733
942 _2lcc
_cMONOGRAPH